[Event "Titled Tuesday intern op 23rd Mar"]
[Site "Chess.com INT"]
[Date "2021.03.23"]
[Round "5"]
[White "Nitish, Belurkar"]
[Black "Pajeken, Wolfgang"]
[Result "1/2-1/2"]
[WhiteElo "2351"]
[BlackElo "2253"]
[PlyCount "130"]
[EventDate "2021.03.23"]
[EventType "swiss (blitz)"]
[EventRounds "11"]
[EventCountry "USA"]
[SourceTitle "CBM 201 Extra"]
[Source "ChessBase"]
[SourceDate "2021.05.31"]
[SourceVersion "1"]
[SourceVersionDate "2021.05.31"]
[SourceQuality "1"]

1. d4 Nf6 2. Nf3 c5 3. e3 g6 4. Be2 Bg7 5. 0-0 0-0 6. b3 cxd4 7. exd4 d5 8. Bb2 Nc6 9. c4 Bg4 10. Nbd2 Rc8 11. h3 Bf5 12. Rc1 Ne4 13. Nxe4 Bxe4 14. Ne5 Nxe5 15. dxe5 dxc4 16. Bxc4 Qxd1 17. Rfxd1 Rfd8 18. f3 Bc6 19. Kf2 e6 20. f4 Bf8 21. g3 Bc5+ 22. Ke2 Bb6 23. Ba3 Rxd1 24. Rxd1 Rd8 25. Rxd8+ Bxd8 26. Bc5 a6 27. b4 Bb5 28. Bxb5 axb5 29. Kd3 f5 30. Kc2 Kf7 31. Kb3 Ke8 32. a4 bxa4+ 33. Kxa4 Kd7 34. Kb5 Bc7 35. Bb6 Bb8 36. Kc5 h6 37. Kb5 Kc8 38. Bc5 Bc7 39. Bf8 h5 40. Bd6 Bd8 41. h4 Kd7 42. Kc5 Kc8 43. Bf8 Kd7 44. Bg7 Bc7 45. Bh6 Kc8 46. Bf8 Kd7 47. Bd6 Bd8 48. Kb5 Kc8 49. Bc5 Kd7 50. Bb6 Be7 51. Ba5 Kc8 52. Kb6 Bd8+ 53. Kc5 Be7+ 54. Kb5 Kb8 55. Bb6 Kc8 56. Ba7 Bd8 57. Bc5 Kb8 58. Bf8 Kc8 59. Kc5 Kd7 60. Bd6 Kc8 61. Kb5 Kd7 62. Bc5 Kc8 63. Bb6 Be7 64. Bc5 Bd8 65. Bb6 Be7 1/2-1/2

[Event "Hamburg-chT Landesliga 1920"]
[Site "Hamburg"]
[Date "2019.09.29"]
[Round "1.1"]
[White "Pajeken, Wolfgang"]
[Black "Kahlert, Thomas"]
[Result "1/2-1/2"]
[WhiteElo "2268"]
[BlackElo "2159"]
[PlyCount "114"]
[EventDate "2019.09.29"]
[EventType "team-tourn"]
[EventRounds "9"]
[EventCountry "GER"]
[SourceTitle "EXT 2021"]
[Source "ChessBase"]
[SourceDate "2020.10.23"]
[SourceVersion "1"]
[SourceVersionDate "2020.10.23"]
[SourceQuality "1"]

1. Nf3 Nf6 2. c4 g6 3. Nc3 d5 4. cxd5 Nxd5 5. Qb3 Nb6 6. d4 Bg7 7. Bf4 0-0 8. e3 Be6 9. Qa3 Nc6 10. Bb5 Nd5 11. Bg3 Ncb4 12. Rc1 c6 13. Nxd5 Nxd5 14. Be2 Bg4 15. 0-0 Re8 16. Rfd1 Qb6 17. h3 Bxf3 18. Bxf3 Rad8 19. Rd3 a6 20. Rb3 Qa7 21. Qc5 Qxc5 22. Rxc5 Rd7 23. Kf1 e6 24. a3 Bf8 25. Rc2 Bg7 26. Ke2 Red8 27. Bh4 Bf6 28. Bg3 Ne7 29. Bh2 h5 30. Rbc3 h4 31. b4 Nf5 32. Rb2 Nxd4+ 33. exd4 Bxd4 34. Rbc2 Bxc3 35. Rxc3 Rd2+ 36. Ke3 Ra2 37. Be5 f5 38. Bf6 Rdd2 39. Bxh4 e5 40. g4 e4 41. Bg2 g5 42. Bf1 gxh4 43. Bc4+ Kg7 44. Bxa2 Rxa2 45. gxf5 Kf6 46. Kxe4 Rxf2 47. Rd3 Rxf5 48. Rd6+ Kg5 49. Rd7 Rb5 50. Rg7+ Kh6 51. Rc7 a5 52. bxa5 Rxa5 53. Rxb7 Rxa3 54. Rc7 Rc3 55. Kf5 Rxh3 56. Rxc6+ Kh5 57. Kf4 Ra3 1/2-1/2

[Event "Teplice op 14th"]
[Site "Teplice"]
[Date "2019.06.16"]
[Round "2"]
[White "Pajeken, Wolfgang"]
[Black "Greenfeld, Alon"]
[Result "0-1"]
[WhiteElo "2259"]
[BlackElo "2513"]
[PlyCount "79"]
[EventDate "2019.06.15"]
[EventType "swiss"]
[EventRounds "9"]
[EventCountry "CZE"]
[SourceTitle "CBM 191 Extra"]
[Source "ChessBase"]
[SourceDate "2019.09.30"]
[SourceVersion "1"]
[SourceVersionDate "2019.09.30"]
[SourceQuality "1"]

1. Nf3 Nf6 2. c4 g6 3. Nc3 Bg7 4. e4 c5 5. d4 cxd4 6. Nxd4 d6 7. Be2 0-0 8. 0-0 Nc6 9. Be3 Bd7 10. Nc2 Qa5 11. f3 Rfc8 12. Qd2 Ne5 13. Na3 Be6 14. Nd5 Qxd2 15. Bxd2 Nxd5 16. cxd5 Bd7 17. Rac1 f5 18. h3 fxe4 19. fxe4 Nf7 20. Rb1 a6 21. Kf2 b5 22. Ke1 Rab8 23. Kd1 Ne5 24. b3 Rf8 25. Be3 e6 26. dxe6 Bxe6 27. Rxf8+ Rxf8 28. Nc2 d5 29. Nd4 Bf7 30. exd5 Bxd5 31. g3 Re8 32. Kd2 Nf7 33. g4 Nd6 34. Bf3 Bxf3 35. Nxf3 Ne4+ 36. Kd3 Nc3 37. Rc1 Nxa2 38. Rc7 Nb4+ 39. Kd2 Nd5 40. Ng1 0-1

[Event "Oberliga Nord N 1819"]
[Site "Germany"]
[Date "2019.03.24"]
[Round "8.2"]
[White "Pajeken, Wolfgang"]
[Black "Hawellek, Jeronimo"]
[Result "1/2-1/2"]
[WhiteElo "2269"]
[BlackElo "2280"]
[PlyCount "152"]
[EventDate "2018.10.21"]
[EventType "team-tourn"]
[EventRounds "9"]
[EventCountry "GER"]
[SourceTitle "EXT 2020"]
[Source "ChessBase"]
[SourceDate "2019.10.17"]
[SourceVersion "1"]
[SourceVersionDate "2019.10.17"]
[SourceQuality "1"]
[WhiteTeam "St Pauli II"]
[BlackTeam "Marmstorf"]
[WhiteTeamCountry "GER"]
[BlackTeamCountry "GER"]

1. d4 f5 2. Nc3 Nf6 3. Bg5 d5 4. Bxf6 exf6 5. e3 c6 6. Bd3 Na6 7. Qf3 g6 8. 0-0-0 Nc7 9. h3 Ne6 10. g4 Ng5 11. Qg2 Be6 12. gxf5 gxf5 13. Nge2 Qd7 14. Nf4 0-0-0 15. Nxe6 Qxe6 16. h4 Ne4 17. Qh3 Re8 18. Ne2 Nxf2 19. Bxf5 Nxh3 20. Bxe6+ Rxe6 21. Rxh3 Bh6 22. Rd3 Rg8 23. Kd2 Rg2 24. b3 Kd7 25. c4 Re4 26. cxd5 cxd5 27. Ke1 Ke6 28. Rc3 f5 29. Kf1 Rg7 30. Kf2 f4 31. exf4 Bxf4 32. Rhf3 Bd6 33. Rce3 Rgg4 34. Nc3 Rxe3 35. Rxe3+ Kd7 36. Nxd5 Rxh4 37. Nf6+ Kc6 38. d5+ Kb5 39. Re6 Bc5+ 40. Kf3 Rd4 41. Re5 h6 42. Ne4 b6 43. Re6 h5 44. Kf4 Rd3 45. Ke5 Bd4+ 46. Kd6 Bg7 47. Rg6 Bf8+ 48. Kc7 Re3 49. Re6 Kb4 50. Kb7 Re2 51. Kxa7 Rxa2+ 52. Kxb6 Kxb3 53. Re8 Bb4 54. d6 Bxd6 55. Nxd6 Kc3 56. Re3+ Kd4 57. Rh3 Rb2+ 58. Nb5+ Kd5 59. Rxh5+ Ke4 60. Kc5 Rc2+ 61. Kd6 Rg2 62. Rh4+ Kd3 63. Nc7 Rg8 64. Ne6 Ra8 65. Kd5 Ra5+ 66. Nc5+ Ke3 67. Rc4 Ra8 68. Rc3+ Kf4 69. Ne6+ Kg4 70. Ke5 Ra5+ 71. Nc5 Rb5 72. Rc1 Kf3 73. Kd4 Rb8 74. Rf1+ Ke2 75. Rf6 Rd8+ 76. Ke4 Kd2 1/2-1/2

[Event "Pardubice Czech op-A 28th"]
[Site "Pardubice"]
[Date "2017.07.28"]
[Round "8"]
[White "Pajeken, Wolfgang"]
[Black "Lushnikov, Evgeny"]
[Result "0-1"]
[WhiteElo "2274"]
[BlackElo "2050"]
[PlyCount "80"]
[EventDate "2017.07.21"]
[EventType "swiss"]
[EventRounds "9"]
[EventCountry "CZE"]
[SourceTitle "CBM 179 Extra"]
[Source "ChessBase"]
[SourceDate "2017.08.23"]
[SourceVersion "1"]
[SourceVersionDate "2017.08.23"]
[SourceQuality "1"]

1. d4 e6 2. c4 b6 3. Nc3 Bb7 4. Nf3 Bb4 5. Bg5 Ne7 6. Qb3 Bxc3+ 7. Qxc3 0-0 8. e3 f5 9. Be2 d6 10. 0-0 Nd7 11. b4 h6 12. Bxe7 Qxe7 13. Nd2 Nf6 14. c5 Nd5 15. Qc4 a5 16. b5 dxc5 17. dxc5 c6 18. a4 Rfc8 19. Nb3 cxb5 20. axb5 bxc5 21. Rxa5 Nb6 22. Qf4 Bd5 23. Rxa8 Rxa8 24. Nd2 Qg5 25. Qxg5 hxg5 26. Bf3 Ra2 27. Bxd5 Nxd5 28. Nf3 c4 29. Nxg5 c3 30. Nxe6 c2 31. Nd4 Rb2 32. g4 fxg4 33. Ne2 Rb1 34. Nc1 Nc3 35. Kg2 Nd1 36. Ne2 Rxb5 37. Kg3 Rb1 38. Kg2 Kf7 39. Rh1 Nxf2 40. Rc1 Nd3 0-1

[Event "Pardubice Czech op-A 28th"]
[Site "Pardubice"]
[Date "2017.07.21"]
[Round "1"]
[White "Laznicka, Viktor"]
[Black "Pajeken, Wolfgang"]
[Result "1-0"]
[WhiteElo "2669"]
[BlackElo "2274"]
[PlyCount "83"]
[EventDate "2017.07.21"]
[EventType "swiss"]
[EventRounds "9"]
[EventCountry "CZE"]
[SourceTitle "CBM 179 Extra"]
[Source "ChessBase"]
[SourceDate "2017.08.23"]
[SourceVersion "1"]
[SourceVersionDate "2017.08.23"]
[SourceQuality "1"]

1. Nf3 Nf6 2. d4 e6 3. Bg5 h6 4. Bh4 c5 5. e3 b6 6. Bd3 Bb7 7. 0-0 Be7 8. Qe2 Ne4 9. Bxe7 Qxe7 10. a4 0-0 11. a5 bxa5 12. Rxa5 Nc6 13. Ra3 Nb4 14. Bb5 Nd6 15. dxc5 Nxb5 16. Qxb5 Bxf3 17. Qxb4 Qg5 18. g3 Rfb8 19. Qd4 a5 20. Nd2 Bc6 21. Rb3 Rxb3 22. cxb3 Rb8 23. Rc1 Rb4 24. Qd3 Qh5 25. e4 f5 26. exf5 exf5 27. f4 Qf7 28. Kf2 Qh5 29. h4 Qg4 30. Qe3 Qh3 31. Ke2 a4 32. Kd3 axb3 33. Kc3 Rb8 34. Nxb3 Qg2 35. Nd2 Be4 36. Rg1 Qh2 37. Ra1 d6 38. cxd6 Rc8+ 39. Kd4 Bc6 40. Qe6+ Kh7 41. Qxf5+ g6 42. Ra7+ 1-0

[Event "Police Gniota Memorial 32nd"]
[Site "Police"]
[Date "2017.07.08"]
[Round "4"]
[White "Pajeken, Jakob Leon"]
[Black "Pajeken, Wolfgang"]
[Result "1/2-1/2"]
[WhiteElo "2145"]
[BlackElo "2274"]
[PlyCount "60"]
[EventDate "2017.07.05"]
[EventType "swiss"]
[EventRounds "9"]
[EventCountry "POL"]
[SourceTitle "EXT 2018"]
[Source "ChessBase"]
[SourceDate "2017.10.13"]
[SourceVersion "1"]
[SourceVersionDate "2017.10.13"]
[SourceQuality "1"]

1. e4 e5 2. Nf3 Nc6 3. Bc4 Nf6 4. d3 h6 5. 0-0 d6 6. a4 g6 7. c3 Bg7 8. b4 0-0 9. Qb3 Nh5 10. Ra2 Qf6 11. Na3 Nf4 12. Bxf4 exf4 13. d4 g5 14. Ne1 a5 15. b5 Ne7 16. f3 c6 17. Re2 Rd8 18. bxc6 bxc6 19. Qb6 Bd7 20. e5 dxe5 21. dxe5 Qf5 22. Bd3 Qe6 23. Nc4 Nd5 24. Qb2 Rdb8 25. Qc2 Bf8 26. Bh7+ Kg7 27. Nd3 Ne3 28. Nxe3 fxe3 29. Be4 Qb3 30. Qc1 Qxa4 1/2-1/2

[Event "Sitges Sunway op 3rd"]
[Site "Sitges"]
[Date "2016.12.17"]
[Round "2"]
[White "Pajeken, Wolfgang"]
[Black "Romanishin, Oleg M"]
[Result "1/2-1/2"]
[WhiteElo "2287"]
[BlackElo "2463"]
[PlyCount "25"]
[EventDate "2016.12.16"]
[EventType "swiss"]
[EventRounds "9"]
[EventCountry "ESP"]
[SourceTitle "CBM 176 Extra"]
[Source "ChessBase"]
[SourceDate "2017.03.02"]
[SourceVersion "1"]
[SourceVersionDate "2017.03.02"]
[SourceQuality "1"]

1. d4 Nf6 2. c4 e6 3. Nc3 Bb4 4. Qc2 c5 5. dxc5 Bxc5 6. Nf3 Nc6 7. Bf4 0-0 8. e3 d5 9. Be2 Nb4 10. Qb1 dxc4 11. Bxc4 Nc6 12. Be5 Ng4 13. Bg3 1/2-1/2

[Event "Dortmund Sparkassen op-A 44th"]
[Site "Dortmund"]
[Date "2016.07.15"]
[Round "7"]
[White "Pap, Misa"]
[Black "Pajeken, Wolfgang"]
[Result "1-0"]
[WhiteElo "2487"]
[BlackElo "2289"]
[PlyCount "88"]
[EventDate "2016.07.09"]
[EventType "swiss"]
[EventRounds "9"]
[EventCountry "GER"]
[SourceTitle "CBM 173 Extra"]
[Source "ChessBase"]
[SourceDate "2016.08.29"]
[SourceVersion "1"]
[SourceVersionDate "2016.08.29"]
[SourceQuality "1"]

1. e4 e5 2. Nf3 Nc6 3. Bb5 a6 4. Bc4 Nf6 5. 0-0 Be7 6. Re1 b5 7. Bb3 d6 8. c3 0-0 9. d4 Bg4 10. Be3 exd4 11. cxd4 Na5 12. Bc2 c5 13. h3 Bh5 14. d5 Nc4 15. Bc1 Nd7 16. g4 Bg6 17. Nbd2 Nxd2 18. Bxd2 Bf6 19. Rb1 Re8 20. Re2 h6 21. Nh2 Bd4 22. Nf3 Bf6 23. Kg2 Nb6 24. Bc1 Ra7 25. Ng1 Rae7 26. f3 a5 27. b3 b4 28. Bd3 Qd7 29. Bb2 Bxb2 30. Rbxb2 a4 31. Red2 Kh8 32. Ne2 a3 33. Rbc2 f5 34. Nf4 Bh7 35. gxf5 Kg8 36. Qf1 g5 37. Bb5 Qc8 38. Qa1 Kf8 39. Bxe8 g4 40. e5 Kxe8 41. Kh2 Nd7 42. Rg2 Nxe5 43. Rcf2 Qb7 44. Qb1 Rf7 1-0

[Event "Dortmund Sparkassen op-A 44th"]
[Site "Dortmund"]
[Date "2016.07.11"]
[Round "3"]
[White "Steinle, Carsten"]
[Black "Pajeken, Wolfgang"]
[Result "1/2-1/2"]
[WhiteElo "2141"]
[BlackElo "2289"]
[PlyCount "20"]
[EventDate "2016.07.09"]
[EventType "swiss"]
[EventRounds "9"]
[EventCountry "GER"]
[SourceTitle "CBM 173 Extra"]
[Source "ChessBase"]
[SourceDate "2016.08.29"]
[SourceVersion "1"]
[SourceVersionDate "2016.08.29"]
[SourceQuality "1"]

1. Nf3 d5 2. d4 Nf6 3. g3 Bf5 4. Bg2 e6 5. 0-0 Be7 6. c4 0-0 7. Qb3 Nc6 8. Qxb7 Nb4 9. Na3 Rb8 10. Qxa7 Ra8 1/2-1/2

[Event "Groningen op-A 53rd"]
[Site "Groningen"]
[Date "2015.12.21"]
[Round "1"]
[White "Pajeken, Wolfgang"]
[Black "Willemsma, Abe"]
[Result "1/2-1/2"]
[WhiteElo "2304"]
[BlackElo "2067"]
[PlyCount "132"]
[EventDate "2015.12.21"]
[EventType "swiss"]
[EventRounds "9"]
[EventCountry "NED"]
[SourceTitle "CBM 170 Extra"]
[Source "ChessBase"]
[SourceDate "2016.02.25"]
[SourceVersion "1"]
[SourceVersionDate "2016.02.25"]
[SourceQuality "1"]

1. d4 e6 2. g3 d5 3. Nf3 Nf6 4. c4 dxc4 5. Bg2 Bd7 6. Ne5 Bc6 7. Nxc6 Nxc6 8. Qa4 Bb4+ 9. Bd2 Nd5 10. 0-0 Qd6 11. Rd1 0-0 12. Bxb4 Qxb4 13. Qxb4 Ndxb4 14. Na3 Rad8 15. e3 Na5 16. Bf1 c6 17. Nxc4 Nxc4 18. Bxc4 Rd6 19. Rdc1 Rfd8 20. a3 Nd5 21. b4 a6 22. Rcb1 Kf8 23. Kg2 f6 24. Rb3 g6 25. h4 Nb6 26. Be2 Nd7 27. a4 e5 28. b5 cxb5 29. dxe5 fxe5 30. axb5 a5 31. b6 Rxb6 32. Rxb6 Nxb6 33. Rb1 Rd6 34. Bf3 Ke7 35. Rb5 Nd7 36. Rxa5 b6 37. Ra7 h5 38. Be2 Kf6 39. Bb5 Ke6 40. Rb7 Nf6 41. Kf3 e4+ 42. Kf4 Nd5+ 43. Kg5 Nxe3 44. Bd7+ Rxd7 45. Rxb6+ Ke5 46. fxe3 Rf7 47. Kxg6 Rf3 48. Rb5+ Ke6 49. Rg5 Rxe3 50. Kxh5 Rf3 51. Kg4 Rf1 52. Ra5 Kf6 53. Ra8 Ke5 54. h5 e3 55. h6 Rh1 56. Kg5 Ke4 57. Kg6 Kf3 58. Re8 Rg1 59. h7 Rxg3+ 60. Kf5 Rh3 61. h8Q Rxh8 62. Rxh8 e2 63. Rh3+ Kg2 64. Re3 Kf2 65. Kf4 e1Q 66. Rxe1 Kxe1 1/2-1/2

[Event "Dortmund Sparkassen op-A"]
[Site "Dortmund"]
[Date "2015.06.28"]
[Round "2"]
[White "Maniocha, Marek"]
[Black "Pajeken, Wolfgang"]
[Result "1/2-1/2"]
[WhiteElo "1985"]
[BlackElo "2312"]
[PlyCount "164"]
[EventDate "2015.06.27"]
[EventType "swiss"]
[EventRounds "9"]
[EventCountry "GER"]
[SourceTitle "CBM 167 Extra"]
[Source "ChessBase"]
[SourceDate "2015.09.14"]
[SourceVersion "1"]
[SourceVersionDate "2015.09.14"]
[SourceQuality "1"]

1. Nf3 Nf6 2. g3 g6 3. Bg2 Bg7 4. c4 0-0 5. Nc3 Nc6 6. 0-0 d6 7. d4 a6 8. a3 Rb8 9. e3 Na5 10. Nd2 b5 11. Qe2 bxc4 12. Nxc4 Nb3 13. Rb1 Bf5 14. Nd2 Bxb1 15. Nxb3 Rxb3 16. Nxb1 Rb6 17. b4 d5 18. Nd2 e6 19. Nb3 Qd7 20. Bb2 Qb5 21. Qc2 Rc6 22. Qb1 Qe2 23. Nc5 Ra8 24. Re1 Qh5 25. h3 Qf5 26. Qd1 Ne4 27. Nxe4 dxe4 28. Qb1 Rb8 29. Bxe4 Qb5 30. Bxc6 Qxc6 31. Rc1 Qb6 32. Qc2 Rb7 33. Qc6 Qa7 34. Kg2 h5 35. Rc2 Bf6 36. Bc1 Kg7 37. Bd2 Qb6 38. a4 Be7 39. a5 Qxc6+ 40. Rxc6 Bxb4 41. Bxb4 Rxb4 42. Rxa6 Rb5 43. Ra7 c5 44. dxc5 Rxc5 45. a6 Ra5 46. h4 Ra2 47. Kf3 Kf6 48. Ra8 Ke5 49. a7 Kf5 50. Kg2 Ke4 51. g4 hxg4 52. Kg3 Kf5 53. e4+ Kxe4 54. Kxg4 Ra5 55. f3+ Ke3 56. Kg3 Ra4 57. f4 Ke4 58. Kg4 Ra5 59. Rb8 Rxa7 60. Rb5 f6 61. Rb4+ Kd5 62. Rb8 Ra1 63. Rf8 f5+ 64. Kg5 Rg1+ 65. Kf6 Rg4 66. Re8 Ke4 67. Rxe6+ Kxf4 68. Ra6 Kg3 69. h5 gxh5 70. Kxf5 Rg8 71. Ra3+ Kh2 72. Ra2+ Kh3 73. Ra1 Kh2 74. Ra2+ Kg3 75. Ra3+ Kh4 76. Ra1 Rg5+ 77. Kf4 Rg4+ 78. Kf3 Rg3+ 79. Kf2 Kh3 80. Rh1+ Kg4 81. Rxh5 Rg2+ 82. Kxg2 Kxh5 1/2-1/2

[Event "EU-ch rapid"]
[Site "Wroclaw"]
[Date "2014.12.21"]
[Round "8"]
[White "Pajeken, Wolfgang"]
[Black "Kempinski, Robert"]
[Result "0-1"]
[WhiteElo "2312"]
[BlackElo "2626"]
[PlyCount "52"]
[EventDate "2014.12.20"]
[EventType "swiss (rapid)"]
[EventRounds "11"]
[EventCountry "POL"]
[SourceTitle "CBM 164 Extra"]
[Source "ChessBase"]
[SourceDate "2015.03.02"]
[SourceVersion "1"]
[SourceVersionDate "2015.03.02"]
[SourceQuality "1"]

1. d4 Nf6 2. Bg5 c5 3. Bxf6 exf6 4. d5 Qb6 5. Qc1 d6 6. e3 f5 7. c4 Be7 8. Nc3 0-0 9. Bd3 Bf6 10. Nge2 Nd7 11. b3 Ne5 12. Bc2 Re8 13. 0-0 Bd7 14. Qd2 a6 15. a4 Qa5 16. Rad1 Qb4 17. e4 b5 18. cxb5 axb5 19. exf5 bxa4 20. Nxa4 Qxd2 21. Rxd2 Bxa4 22. bxa4 Nc4 23. Rdd1 Na3 24. Rd2 c4 25. Bd1 c3 26. Ra2 c2 0-1

[Event "Hamburg HSK Summer rapid op 1st"]
[Site "Hamburg"]
[Date "2014.07.06"]
[Round "4"]
[White "Pajeken, Wolfgang"]
[Black "Huschenbeth, Niclas"]
[Result "0-1"]
[WhiteElo "2301"]
[BlackElo "2533"]
[PlyCount "58"]
[EventDate "2014.07.06"]
[EventType "swiss (rapid)"]
[EventRounds "9"]
[EventCountry "GER"]
[SourceTitle "EXT 2022"]
[Source "ChessBase"]
[SourceDate "2021.10.06"]
[SourceVersion "1"]
[SourceVersionDate "2021.10.06"]
[SourceQuality "1"]

1. d4 Nf6 2. c4 e6 3. Nc3 Bb4 4. g3 0-0 5. Bg2 d5 6. Nf3 dxc4 7. 0-0 Nc6 8. Bg5 Rb8 9. e4 h6 10. Bh4 Be7 11. e5 Nd5 12. Bxe7 Ncxe7 13. Ne4 b6 14. h4 Nf5 15. Bh3 Bb7 16. Re1 Nb4 17. Bxf5 exf5 18. Ned2 Nd3 19. Re2 Qd5 20. Qc2 c5 21. dxc5 Qxc5 22. Re3 Rbc8 23. b3 b5 24. bxc4 bxc4 25. Ne1 Qd5 26. Ndf3 f4 27. gxf4 Nxf4 28. Qf5 Ne6 29. Ng2 Nd4 0-1

[Event "Reykjavik op"]
[Site "Reykjavik"]
[Date "2014.03.08"]
[Round "6"]
[White "Petursson, Gudni Stefan"]
[Black "Pajeken, Wolfgang"]
[Result "0-1"]
[WhiteElo "2104"]
[BlackElo "2308"]
[PlyCount "160"]
[EventDate "2014.03.04"]
[EventType "swiss"]
[EventRounds "10"]
[EventCountry "ISL"]
[SourceTitle "CBM 159 Extra"]
[Source "ChessBase"]
[SourceDate "2014.04.24"]
[SourceVersion "1"]
[SourceVersionDate "2014.04.24"]
[SourceQuality "1"]

1. g3 e5 2. Bg2 Nf6 3. d3 d5 4. Nf3 Nc6 5. 0-0 g6 6. Nbd2 Bg7 7. e4 0-0 8. Qe2 Re8 9. c3 a5 10. Rd1 Bg4 11. h3 Be6 12. Ng5 Bc8 13. Nf1 h6 14. Nf3 Be6 15. Kh2 Qe7 16. Ne1 Rad8 17. Be3 d4 18. Bd2 dxc3 19. bxc3 Qc5 20. Rdc1 Rd7 21. Be3 Qa3 22. Qc2 Red8 23. Rcb1 b6 24. Qc1 Qf8 25. Nd2 Kh7 26. Qc2 Nh5 27. Bf3 Nf6 28. Bg2 Ng8 29. Rb2 Nce7 30. Nf1 Nc6 31. Nd2 Nb8 32. Nf1 Na6 33. Rd1 Qa3 34. Bc1 Qc5 35. Be3 Qc6 36. Nf3 Ne7 37. Ne1 Bc4 38. Rd2 Be6 39. Kg1 Nc5 40. Bxc5 Qxc5 41. Ne3 Qa3 42. c4 Nc6 43. Qb3 Qc5 44. N1c2 Ra8 45. Nd5 Kh8 46. Qa3 Bf8 47. Qxc5 Bxc5 48. a4 Kg7 49. Kh2 Rad8 50. Bf3 Ne7 51. Rb3 Nc8 52. Kg2 c6 53. Nde3 Nd6 54. Re2 b5 55. axb5 cxb5 56. Bg4 b4 57. Bxe6 fxe6 58. Re1 Nb7 59. Ng4 Bd6 60. d4 a4 61. Rb2 b3 62. c5 bxc2 63. cxd6 Rc8 64. Rc1 Nxd6 65. dxe5 Nxe4 66. Rbxc2 Rxc2 67. Rxc2 a3 68. Nf6 Nxf6 69. exf6+ Kxf6 70. Kf3 Ra7 71. Ra2 Ke5 72. Ke3 Kd5 73. Kd3 h5 74. h4 e5 75. f3 Ra4 76. Ra1 a2 77. f4 exf4 78. gxf4 Ke6 79. Ke3 Kf5 80. Kf3 Ra3+ 0-1

[Event "Reykjavik op"]
[Site "Reykjavik"]
[Date "2014.03.05"]
[Round "2"]
[White "Rapport, Richard"]
[Black "Pajeken, Wolfgang"]
[Result "1-0"]
[WhiteElo "2681"]
[BlackElo "2308"]
[PlyCount "101"]
[EventDate "2014.03.04"]
[EventType "swiss"]
[EventRounds "10"]
[EventCountry "ISL"]
[SourceTitle "CBM 159 Extra"]
[Source "ChessBase"]
[SourceDate "2014.04.24"]
[SourceVersion "1"]
[SourceVersionDate "2014.04.24"]
[SourceQuality "1"]

1. Nc3 d5 2. d4 Nf6 3. Bf4 Bf5 4. e3 e6 5. Nf3 Be7 6. Ne5 h6 7. g4 Bh7 8. Bd3 c6 9. Bxh7 Nxh7 10. Qf3 Rf8 11. 0-0-0 Nd7 12. Kb1 Nxe5 13. Bxe5 f6 14. Bg3 Ng5 15. Qe2 Bb4 16. Nb5 Rf7 17. a3 Bf8 18. Nc3 Qa5 19. Qd2 Rd7 20. h4 Nf7 21. Qd3 0-0-0 22. Ne2 Bd6 23. Nf4 e5 24. Ne6 e4 25. Qb3 Rg8 26. c4 Bxg3 27. fxg3 dxc4 28. Qxc4 Qd5 29. Rc1 Qxc4 30. Rxc4 Re7 31. Nf4 g5 32. Nd5 Re6 33. Rf1 gxh4 34. gxh4 Rxg4 35. Nxf6 Rxh4 36. d5 Re5 37. dxc6 Nd6 38. Rd4 Rf5 39. cxb7+ Kxb7 40. Rb4+ Kc6 41. Rc1+ Rc5 42. Rd1 Nc4 43. Nd7 Nxe3 44. Nb8+ Kc7 45. Rd7+ Kc8 46. Rh7 Rh1+ 47. Ka2 Ra1+ 48. Kb3 a5 49. Rh8+ Kc7 50. Na6+ Kd6 51. Rb6+ 1-0